[Event "Montcalm op 2 2011-12"]
[Site "Quebec CAN"]
[Date "2011.10.27"]
[Round "3"]
[White "Labrecque, Rejean"]
[Black "Bourassa, Andre"]
[Result "0-1"]
[WhiteElo "1702"]
[BlackElo "1802"]
[PlyCount "96"]
[GameId "2160767909647917"]
[EventDate "2011.10.13"]
[EventType "swiss"]
[EventRounds "5"]
[EventCountry "CAN"]
[SourceTitle "EXT 2022"]
[Source "ChessBase"]
[SourceDate "2021.10.06"]
[SourceVersion "1"]
[SourceVersionDate "2021.10.06"]
[SourceQuality "1"]

1. d4 e6 2. c4 d5 3. Nf3 Nf6 4. Nc3 c6 5. a3 dxc4 6. e4 Be7 7. Bxc4 O-O 8. O-O Nbd7 9. Bd3 c5 10. e5 Nd5 11. dxc5 Nxc3 12. bxc3 Nxc5 13. Bc2 Qxd1 14. Rxd1 b6 15. a4 Bb7 16. Ba3 Rfd8 17. Rd4 Rd5 18. Rad1 Rad8 19. c4 Rxd4 20. Rxd4 Rxd4 21. Nxd4 Kf8 22. f3 h6 23. Kf1 Ke8 24. Ke2 Nd7 25. Bxe7 Kxe7 26. f4 Bxg2 27. Nb5 a6 28. Nc3 Nc5 29. Ke3 g5 30. fxg5 hxg5 31. Kd4 a5 32. Nb5 f5 33. Nd6 Nd7 34. Nc8+ Kf7 35. Nd6+ Kf8 36. Nb5 g4 37. Nc3 Nc5 38. Nb5 f4 39. Nd6 Bc6 40. Bd1 g3 41. hxg3 fxg3 42. Ke3 Nd7 43. Bg4 Nxe5 44. Bxe6 Ke7 45. Nf5+ Kxe6 46. Nxg3 Nxc4+ 47. Kd4 Nd6 48. Ne2 Bxa4 0-1

[Event "Montcalm op 2 2011-12"]
[Site "Quebec CAN"]
[Date "2011.10.27"]
[Round "3"]
[White "Marquis, Paul"]
[Black "Drolet, Stephane"]
[Result "1/2-1/2"]
[WhiteElo "1935"]
[BlackElo "2140"]
[PlyCount "60"]
[GameId "2160767909647918"]
[EventDate "2011.10.13"]
[EventType "swiss"]
[EventRounds "5"]
[EventCountry "CAN"]
[SourceTitle "EXT 2022"]
[Source "ChessBase"]
[SourceDate "2021.10.06"]
[SourceVersion "1"]
[SourceVersionDate "2021.10.06"]
[SourceQuality "1"]

1. e4 d6 2. d4 Nf6 3. Nc3 c6 4. a4 Qa5 5. Bd2 e5 6. dxe5 dxe5 7. Nd5 Qd8 8. Nxf6+ Qxf6 9. Nf3 Bg4 10. Bc4 Nd7 11. Qe2 Bxf3 12. Qxf3 Qxf3 13. gxf3 Bd6 14. O-O-O Ke7 15. Rhg1 g6 16. Bc3 f6 17. Rd2 Nb6 18. Bb3 Rad8 19. a5 Na8 20. Kd1 Bc5 21. Ke2 Nc7 22. Bc4 Ne6 23. Bxe6 Kxe6 24. b4 Bd4 25. Bxd4 Rxd4 26. Rxd4 exd4 27. f4 Rc8 28. Kd3 c5 29. b5 Rf8 30. Kc4 Kd6 1/2-1/2

[Event "Montcalm op 2 2011-12"]
[Site "Quebec CAN"]
[Date "2011.10.27"]
[Round "3"]
[White "Ripoll, Arthur"]
[Black "Le Huu, Pascal"]
[Result "1-0"]
[WhiteElo "1481"]
[BlackElo "1234"]
[PlyCount "93"]
[GameId "2160767909647919"]
[EventDate "2011.10.13"]
[EventType "swiss"]
[EventRounds "5"]
[EventCountry "CAN"]
[SourceTitle "EXT 2022"]
[Source "ChessBase"]
[SourceDate "2021.10.06"]
[SourceVersion "1"]
[SourceVersionDate "2021.10.06"]
[SourceQuality "1"]

1. e4 e5 2. Nf3 Nf6 3. Bc4 Bc5 4. Nxe5 d5 5. exd5 Qd6 6. d4 Bb6 7. Nc3 Nbd7 8. O-O a6 9. Bf4 O-O 10. a3 c6 11. Ng6 Ne5 12. dxe5 Qc5 13. Be3 Qxc4 14. Bxb6 Re8 15. exf6 fxg6 16. fxg7 Kxg7 17. Qd4+ Qxd4 18. Bxd4+ Kf7 19. dxc6 bxc6 20. Rfe1 Rd8 21. Bc5 Bf5 22. Re7+ Kg8 23. Ne4 Bxe4 24. Rxe4 Rd5 25. Bb4 Rad8 26. Rae1 c5 27. Bc3 c4 28. Rxc4 Rd1 29. Rce4 Rxe1+ 30. Rxe1 Kf7 31. h3 h5 32. Re5 Rd1+ 33. Kh2 Rc1 34. Ra5 Rxc2 35. Kg3 h4+ 36. Kxh4 Rxf2 37. Kg3 Rf5 38. Rxf5+ gxf5 39. Kf4 Kg6 40. b4 Kh5 41. Kxf5 a5 42. bxa5 Kh4 43. a6 Kg3 44. a7 Kxg2 45. a8=Q+ Kxh3 46. Be5 Kh4 47. Qh8# 1-0

[Event "Montcalm op 2 2011-12"]
[Site "Quebec CAN"]
[Date "2011.10.27"]
[Round "3"]
[White "Robitaille, Denis"]
[Black "Cummins, Paul"]
[Result "1/2-1/2"]
[WhiteElo "1784"]
[BlackElo "1690"]
[PlyCount "40"]
[GameId "2160767909647920"]
[EventDate "2011.10.13"]
[EventType "swiss"]
[EventRounds "5"]
[EventCountry "CAN"]
[SourceTitle "EXT 2022"]
[Source "ChessBase"]
[SourceDate "2021.10.06"]
[SourceVersion "1"]
[SourceVersionDate "2021.10.06"]
[SourceQuality "1"]

1. h3 e5 2. c4 d5 3. cxd5 Qxd5 4. Nc3 Qd8 5. g4 Be6 6. Bg2 c6 7. Nf3 Nd7 8. d3 Ne7 9. Ng5 Ng6 10. Nxe6 fxe6 11. Be3 Nf4 12. Be4 Nd5 13. Bd2 Bc5 14. e3 Qh4 15. Qf3 Rf8 16. Qg3 Qxg3 17. fxg3 Nxe3 18. Ke2 Nc2 19. Raf1 Nd4+ 20. Kd1 O-O-O 1/2-1/2

[Event "Montcalm op 2 2011-12"]
[Site "Quebec CAN"]
[Date "2011.11.03"]
[Round "4"]
[White "Bergeron, Marc"]
[Black "Dumont, Eric"]
[Result "1-0"]
[WhiteElo "1949"]
[BlackElo "1856"]
[PlyCount "89"]
[GameId "2160767909647921"]
[EventDate "2011.10.13"]
[EventType "swiss"]
[EventRounds "5"]
[EventCountry "CAN"]
[SourceTitle "EXT 2022"]
[Source "ChessBase"]
[SourceDate "2021.10.06"]
[SourceVersion "1"]
[SourceVersionDate "2021.10.06"]
[SourceQuality "1"]

1. c4 e5 2. Nc3 Nc6 3. g3 f5 4. e3 Nf6 5. Bg2 Bb4 6. Nge2 O-O 7. O-O Bxc3 8. dxc3 d6 9. f4 Qe8 10. Qb3 Kh8 11. a4 Rb8 12. a5 Be6 13. Qa4 Qh5 14. Re1 Ne4 15. a6 Nc5 16. Qd1 e4 17. Nd4 Qxd1 18. Rxd1 Bxc4 19. axb7 Nxd4 20. cxd4 Nxb7 21. Rxa7 Bb3 22. Re1 Bd5 23. Bd2 Nd8 24. Bc3 Ne6 25. Bh3 g6 26. Rea1 Kg8 27. R1a5 Ra8 28. Rxa8 Bxa8 29. Bf1 d5 30. Bb5 c6 31. Be2 Rc8 32. Kf2 Bb7 33. Ra7 Ba8 34. Ke1 c5 35. dxc5 Bc6 36. b4 Rc7 37. Ra6 Kf7 38. Be5 Rc8 39. Ra7+ Kg8 40. Bd6 Ra8 41. Rxa8+ Bxa8 42. Ba6 d4 43. Bc4 Kf7 44. exd4 Bc6 45. d5 1-0

[Event "Montcalm op 2 2011-12"]
[Site "Quebec CAN"]
[Date "2011.11.03"]
[Round "4"]
[White "Bourassa, Andre"]
[Black "Hebert, Marc"]
[Result "1-0"]
[WhiteElo "1802"]
[BlackElo "1576"]
[PlyCount "43"]
[GameId "2160767909647922"]
[EventDate "2011.10.13"]
[EventType "swiss"]
[EventRounds "5"]
[EventCountry "CAN"]
[SourceTitle "EXT 2022"]
[Source "ChessBase"]
[SourceDate "2021.10.06"]
[SourceVersion "1"]
[SourceVersionDate "2021.10.06"]
[SourceQuality "1"]

1. d4 Nf6 2. c4 e5 3. dxe5 Ng4 4. Bf4 Nc6 5. Nf3 Bb4+ 6. Nbd2 f6 7. a3 Bxd2+ 8. Qxd2 Ngxe5 9. Nxe5 Nxe5 10. e3 d6 11. Rd1 Qe7 12. Be2 O-O 13. Qc3 Qf7 14. O-O Be6 15. c5 Rfd8 16. cxd6 cxd6 17. Bxe5 dxe5 18. Bf3 Bd5 19. Qd2 Bc6 20. Qxd8+ Rxd8 21. Rxd8+ Be8 22. Bd5 1-0

[Event "Montcalm op 2 2011-12"]
[Site "Quebec CAN"]
[Date "2011.11.03"]
[Round "4"]
[White "Deschenes, Andre Philippe"]
[Black "Ripoll, Arthur"]
[Result "0-1"]
[WhiteElo "1136"]
[BlackElo "1481"]
[PlyCount "36"]
[GameId "2160767909647923"]
[EventDate "2011.10.13"]
[EventType "swiss"]
[EventRounds "5"]
[EventCountry "CAN"]
[SourceTitle "EXT 2022"]
[Source "ChessBase"]
[SourceDate "2021.10.06"]
[SourceVersion "1"]
[SourceVersionDate "2021.10.06"]
[SourceQuality "1"]

1. d4 e5 2. dxe5 Nc6 3. Nf3 Qe7 4. g3 Nxe5 5. Nxe5 Qxe5 6. Bg2 Nf6 7. O-O c6 8. f4 Bc5+ 9. Kh1 Qf5 10. b3 O-O 11. Bb2 d5 12. Nc3 Re8 13. Qd2 Ng4 14. Nd1 Nxh2 15. Qc3 d4 16. Qd3 Qh5 17. Kg1 Nxf1 18. Bxf1 Bf5 0-1

[Event "Montcalm op 2 2011-12"]
[Site "Quebec CAN"]
[Date "2011.11.03"]
[Round "4"]
[White "Drolet, Stephane"]
[Black "Bluteau, Yvon"]
[Result "1-0"]
[WhiteElo "2140"]
[BlackElo "1806"]
[PlyCount "61"]
[GameId "2160767909647924"]
[EventDate "2011.10.13"]
[EventType "swiss"]
[EventRounds "5"]
[EventCountry "CAN"]
[SourceTitle "EXT 2022"]
[Source "ChessBase"]
[SourceDate "2021.10.06"]
[SourceVersion "1"]
[SourceVersionDate "2021.10.06"]
[SourceQuality "1"]

1. e4 c5 2. Nc3 Nc6 3. Nf3 g6 4. Bc4 Bg7 5. a3 d6 6. O-O Nf6 7. Re1 O-O 8. d3 Bg4 9. h3 Bxf3 10. Qxf3 Ne5 11. Qe2 Nxc4 12. dxc4 Qb6 13. Rb1 Rac8 14. Bg5 e6 15. Red1 h6 16. Bf4 Rfd8 17. Rd3 Nh5 18. Be3 Kh7 19. g4 Bxc3 20. Rxc3 Ng7 21. Qf3 Rd7 22. Rd3 Qc6 23. Rbd1 f5 24. gxf5 exf5 25. Rd5 Rcc7 26. Kh2 fxe4 27. Qf4 g5 28. Qxe4+ Kg8 29. Qg6 Rf7 30. Rxd6 Qe8 31. Rd8 1-0

[Event "Montcalm op 2 2011-12"]
[Site "Quebec CAN"]
[Date "2011.11.03"]
[Round "4"]
[White "Robitaille, Denis"]
[Black "Labrecque, Rejean"]
[Result "1-0"]
[WhiteElo "1784"]
[BlackElo "1702"]
[PlyCount "103"]
[GameId "2160767909647925"]
[EventDate "2011.10.13"]
[EventType "swiss"]
[EventRounds "5"]
[EventCountry "CAN"]
[SourceTitle "EXT 2022"]
[Source "ChessBase"]
[SourceDate "2021.10.06"]
[SourceVersion "1"]
[SourceVersionDate "2021.10.06"]
[SourceQuality "1"]

1. f4 e5 2. fxe5 d6 3. Nf3 Bg4 4. e4 Nd7 5. e6 fxe6 6. d4 h6 7. Be3 Qe7 8. Nbd2 O-O-O 9. c3 Ngf6 10. Qa4 Kb8 11. Be2 g5 12. b4 Nb6 13. Qb3 Nfd7 14. a4 Bg7 15. a5 Nc8 16. O-O d5 17. e5 Nf8 18. Bd3 Bf5 19. Bxf5 exf5 20. Ne1 f4 21. Bf2 Qe6 22. Nd3 Nd7 23. Ne4 Qf5 24. Nec5 Nf8 25. b5 Ne6 26. Nxe6 Qxe6 27. Nc5 Qg6 28. Rfb1 Ne7 29. b6 cxb6 30. axb6 a6 31. e6 Qe8 32. Qa3 Qc6 33. Nxa6+ bxa6 34. Qxe7 Qb7 35. Qa3 Bf6 36. Qxa6 Qxa6 37. Rxa6 Rh7 38. Rba1 Rhh8 39. Ra7 Rhe8 40. Rf7 Rxe6 41. b7 Be7 42. Rxe7 Rxe7 43. Ra8+ Kxb7 44. Rxd8 Kc6 45. Rc8+ Kd6 46. Kf1 Rb7 47. Rh8 Rb1+ 48. Be1 g4 49. Rxh6+ Ke7 50. Rg6 f3 51. Rxg4 fxg2+ 52. Rxg2 1-0

[Event "Montcalm op 2 2011-12"]
[Site "Quebec CAN"]
[Date "2011.11.10"]
[Round "5"]
[White "Arcand, Christian"]
[Black "Ripoll, Arthur"]
[Result "0-1"]
[WhiteElo "1219"]
[BlackElo "1481"]
[PlyCount "108"]
[GameId "2160767909647926"]
[EventDate "2011.10.13"]
[EventType "swiss"]
[EventRounds "5"]
[EventCountry "CAN"]
[SourceTitle "EXT 2022"]
[Source "ChessBase"]
[SourceDate "2021.10.06"]
[SourceVersion "1"]
[SourceVersionDate "2021.10.06"]
[SourceQuality "1"]

1. d4 e5 2. dxe5 Nc6 3. Nf3 Qe7 4. Bg5 Qb4+ 5. Bd2 Qxb2 6. Bc3 Bb4 7. e4 Bxc3+ 8. Nxc3 Qxc3+ 9. Nd2 Nxe5 10. Be2 Ne7 11. O-O O-O 12. Rb1 d5 13. Rb3 Qd4 14. Re3 dxe4 15. Rxe4 Qd6 16. Qa1 Qxd2 17. Qxe5 Nc6 18. Qc5 Be6 19. Rd1 Qa5 20. Qe3 Qxa2 21. Qc3 Rad8 22. Ra1 Qd5 23. Bf3 Qg5 24. Re3 Bd5 25. Rae1 Bxf3 26. Rxf3 Qd2 27. Qa1 Rfe8 28. Rfe3 Rxe3 29. fxe3 Qxc2 30. Rc1 Qe4 31. Qc3 Rd3 32. Qc5 Qxe3+ 33. Qxe3 Rxe3 34. Rd1 Re7 35. Kf2 Kf8 36. Kf3 Ke8 37. Kf4 Re6 38. g4 Ke7 39. h4 f6 40. Rd5 h6 41. h5 a5 42. Rd3 Rd6 43. Re3+ Ne5 44. Rg3 Ke6 45. Ke4 c5 46. Ra3 Rd4+ 47. Ke3 Rd3+ 48. Rxd3 Nxd3 49. Kxd3 Kd5 50. Ke3 Ke5 51. Kd3 Kf4 52. Kc4 b6 53. Kb5 Kxg4 54. Kxb6 c4 0-1

[Event "Montcalm op 2 2011-12"]
[Site "Quebec CAN"]
[Date "2011.11.10"]
[Round "5"]
[White "Kearns, Thomas"]
[Black "Bourassa, Andre"]
[Result "1/2-1/2"]
[WhiteElo "1646"]
[BlackElo "1802"]
[PlyCount "48"]
[GameId "2160767909647927"]
[EventDate "2011.10.13"]
[EventType "swiss"]
[EventRounds "5"]
[EventCountry "CAN"]
[SourceTitle "EXT 2022"]
[Source "ChessBase"]
[SourceDate "2021.10.06"]
[SourceVersion "1"]
[SourceVersionDate "2021.10.06"]
[SourceQuality "1"]

1. e4 c5 2. Nf3 d6 3. d4 cxd4 4. Nxd4 Nf6 5. Nc3 a6 6. Be2 e5 7. Nf3 Qa5 8. Bd2 Qc7 9. O-O Be7 10. a4 O-O 11. Nd5 Nxd5 12. exd5 a5 13. c4 Na6 14. Qc2 Nc5 15. Be3 b6 16. Nd2 Bf5 17. Qxf5 g6 18. Qc2 Na6 19. f4 f5 20. fxe5 dxe5 21. Kh1 Nc5 22. Nb3 Bd6 23. Nxc5 bxc5 24. Bg1 Rfb8 1/2-1/2

[Event "Montcalm op 3 2011-12"]
[Site "Quebec CAN"]
[Date "2011.11.17"]
[Round "1"]
[White "Le Huu, Pascal"]
[Black "Bourassa, Andre"]
[Result "0-1"]
[WhiteElo "1242"]
[BlackElo "1824"]
[PlyCount "72"]
[GameId "2160767909573521"]
[EventDate "2011.11.17"]
[EventType "swiss"]
[EventRounds "5"]
[EventCountry "CAN"]
[SourceTitle "EXT 2022"]
[Source "ChessBase"]
[SourceDate "2021.10.06"]
[SourceVersion "1"]
[SourceVersionDate "2021.10.06"]
[SourceQuality "1"]

1. d4 d5 2. Bf4 Bf5 3. Nf3 Nd7 4. c3 e6 5. e3 Bd6 6. Bxd6 cxd6 7. Be2 h6 8. Nbd2 Qb6 9. Qb3 Ngf6 10. Nh4 Bh7 11. O-O Ne4 12. Nxe4 dxe4 13. g3 Qxb3 14. axb3 g5 15. Ng2 Ke7 16. Rac1 e5 17. b4 Rhc8 18. d5 Rc7 19. c4 Rac8 20. b3 a6 21. Ra1 f5 22. Ra5 Bg6 23. Rfa1 Bf7 24. h4 Nb8 25. Rd1 Be8 26. b5 axb5 27. cxb5 Rc1 28. Ra1 Rxd1+ 29. Rxd1 Nd7 30. b4 Nb6 31. Ra1 Nxd5 32. Ra7 Rc7 33. b6 Nxb6 34. Ba6 Bc6 35. b5 Bd5 36. Bxb7 Rxb7 0-1

[Event "Montcalm op 3 2011-12"]
[Site "Quebec CAN"]
[Date "2011.11.17"]
[Round "1"]
[White "Ripoll, Arthur"]
[Black "Dumont, Eric"]
[Result "0-1"]
[WhiteElo "1481"]
[BlackElo "1835"]
[PlyCount "72"]
[GameId "2160767909573522"]
[EventDate "2011.11.17"]
[EventType "swiss"]
[EventRounds "5"]
[EventCountry "CAN"]
[SourceTitle "EXT 2022"]
[Source "ChessBase"]
[SourceDate "2021.10.06"]
[SourceVersion "1"]
[SourceVersionDate "2021.10.06"]
[SourceQuality "1"]

1. e4 d5 2. exd5 Nf6 3. Nf3 Nxd5 4. Bc4 Bg4 5. Nc3 e6 6. d4 Be7 7. h3 Bh5 8. O-O O-O 9. Re1 c6 10. a3 Nd7 11. Ne4 h6 12. Ng3 Bg6 13. Ne5 Nxe5 14. dxe5 Qc7 15. Qg4 Bc5 16. h4 Kh7 17. Re2 f5 18. exf6 Nxf6 19. Qh3 h5 20. Bg5 Ng4 21. Rf1 Qb6 22. Ne4 Bxe4 23. Rxe4 Nxf2 24. Rxf2 Rxf2 25. Kh1 Raf8 26. Qxe6 Qc7 27. Re1 Qg3 28. Qe4+ R8f5 29. Bd3 Kh8 30. Qe8+ Kh7 31. Qxh5+ Kg8 32. Re8+ Bf8 33. Bc4+ Rd5 34. Bxd5+ cxd5 35. Rxf8+ Rxf8 36. Be7 Rf1# 0-1

[Event "Montcalm op 3 2011-12"]
[Site "Quebec CAN"]
[Date "2011.11.24"]
[Round "2"]
[White "Bourassa, Andre"]
[Black "Boulianne, Gabriel"]
[Result "1/2-1/2"]
[WhiteElo "1824"]
[BlackElo "1700"]
[PlyCount "83"]
[GameId "2160767909573523"]
[EventDate "2011.11.17"]
[EventType "swiss"]
[EventRounds "5"]
[EventCountry "CAN"]
[SourceTitle "EXT 2022"]
[Source "ChessBase"]
[SourceDate "2021.10.06"]
[SourceVersion "1"]
[SourceVersionDate "2021.10.06"]
[SourceQuality "1"]

1. d4 Nf6 2. c4 e6 3. Nc3 Bb4 4. Qc2 c5 5. e3 Nc6 6. dxc5 Bxc5 7. Nf3 d5 8. cxd5 Nxd5 9. Nxd5 Qxd5 10. Bd2 Bb4 11. Bxb4 Nxb4 12. Qa4+ Nc6 13. Rd1 Qc5 14. Bb5 Bd7 15. O-O a6 16. Be2 Ne5 17. Qb3 Bc6 18. Rc1 Qa5 19. Nxe5 Qxe5 20. Rfd1 O-O 21. Rd4 Rfd8 22. Rcd1 Qc7 23. Qc3 Rxd4 24. Qxd4 g6 25. f3 Re8 26. Rd2 Re7 27. Qd8+ Qxd8 28. Rxd8+ Kg7 29. e4 e5 30. Kf2 Rd7 31. Rxd7 Bxd7 32. Bc4 f6 33. Ke3 Kf8 34. Kd3 Ke7 35. Kc3 a5 36. Bd5 b6 37. h4 h6 38. a3 Kd6 39. b4 axb4+ 40. Kxb4 g5 41. hxg5 hxg5 42. Bf7 1/2-1/2

[Event "Montcalm op 3 2011-12"]
[Site "Quebec CAN"]
[Date "2011.11.24"]
[Round "2"]
[White "Deschenes, Andre Philippe"]
[Black "Ripoll, Arthur"]
[Result "0-1"]
[WhiteElo "1195"]
[BlackElo "1481"]
[PlyCount "140"]
[GameId "2160767909573524"]
[EventDate "2011.11.17"]
[EventType "swiss"]
[EventRounds "5"]
[EventCountry "CAN"]
[SourceTitle "EXT 2022"]
[Source "ChessBase"]
[SourceDate "2021.10.06"]
[SourceVersion "1"]
[SourceVersionDate "2021.10.06"]
[SourceQuality "1"]

1. d4 e5 2. dxe5 Nc6 3. Nf3 Qe7 4. Bg5 Qb4+ 5. Nbd2 Qxb2 6. Nc4 Bb4+ 7. Bd2 Bxd2+ 8. Nfxd2 Qc3 9. f4 Nge7 10. e3 b5 11. Nd6+ cxd6 12. exd6 Qxe3+ 13. Qe2 Qxe2+ 14. Bxe2 Nf5 15. Ne4 O-O 16. O-O Re8 17. Bd3 Re6 18. Rfe1 g6 19. Bxb5 Bb7 20. Bc4 Rxd6 21. Nxd6 Nxd6 22. Bf1 Nf5 23. c3 Na5 24. Bb5 Bc6 25. Bxc6 dxc6 26. Re4 c5 27. Re5 Nb7 28. Rb1 Nfd6 29. Rd5 Rc8 30. a4 Rc6 31. Rbd1 Ra6 32. Ra1 Rb6 33. a5 Ra6 34. g4 Kf8 35. f5 Ke7 36. fxg6 fxg6 37. Re1+ Kf6 38. g5+ Kf7 39. Rde5 Nf5 40. Rd5 Rd6 41. Rxd6 Nbxd6 42. Re5 c4 43. Rc5 Ne7 44. Rc7 Ndc8 45. Rxc4 Ke6 46. Rh4 Kf5 47. Rxh7 Kxg5 48. h4+ Kf5 49. Rf7+ Ke4 50. Rf1 Kd3 51. Rf3+ Kc4 52. Kf2 Nc6 53. Rf6 N8e7 54. Rf7 Kxc3 55. Rf4 Nxa5 56. Rf3+ Kd4 57. Rf4+ Kd3 58. Rf3+ Kc2 59. Re3 Nac6 60. Re2+ Kd3 61. Re3+ Kd4 62. Re2 a5 63. Rd2+ Kc3 64. Ke2 Ne5 65. Ra2 N7c6 66. Kd1 Kb3 67. Ra1 Nc4 68. Rc1 N6e5 69. Rc2 Ne3+ 70. Kd2 Nxc2 0-1

[Event "Montcalm op 3 2011-12"]
[Site "Quebec CAN"]
[Date "2011.12.01"]
[Round "3"]
[White "Boulianne, Gabriel"]
[Black "Lapierre, Gaetan"]
[Result "1-0"]
[WhiteElo "1700"]
[BlackElo "1830"]
[PlyCount "89"]
[GameId "2160767909573525"]
[EventDate "2011.11.17"]
[EventType "swiss"]
[EventRounds "5"]
[EventCountry "CAN"]
[SourceTitle "EXT 2022"]
[Source "ChessBase"]
[SourceDate "2021.10.06"]
[SourceVersion "1"]
[SourceVersionDate "2021.10.06"]
[SourceQuality "1"]

1. e4 c5 2. Nc3 Nc6 3. Nf3 d6 4. Bb5 a6 5. Bxc6+ bxc6 6. d3 g6 7. O-O e5 8. a4 Bg7 9. a5 h6 10. Bd2 Ne7 11. Qe2 O-O 12. Na4 Be6 13. Nb6 Ra7 14. Be3 f5 15. Rfd1 f4 16. Bc1 g5 17. Nd2 g4 18. f3 h5 19. Ndc4 Ng6 20. b3 Nh4 21. Kh1 Bf6 22. Rg1 Rg7 23. Bd2 Kh7 24. Qf1 Rfg8 25. Be1 gxf3 26. g3 Ng6 27. Qxf3 Bg4 28. Qf2 fxg3 29. hxg3 h4 30. Ne3 Ne7 31. Qxf6 Rg6 32. Qf2 hxg3 33. Rxg3 Rf8 34. Qd2 Bf3+ 35. Kg1 Rh6 36. Ng2 Qe8 37. Qg5 Rg8 38. Qe3 Rxg3 39. Bxg3 Qh5 40. Nh4 Be2 41. Re1 Ng6 42. Qxe2 Qg5 43. Nf5 Rh3 44. Qg2 Nf4 45. Bxf4 1-0

[Event "Montcalm op 3 2011-12"]
[Site "Quebec CAN"]
[Date "2011.12.01"]
[Round "3"]
[White "Cummins, Paul"]
[Black "Bourassa, Andre"]
[Result "1-0"]
[WhiteElo "1687"]
[BlackElo "1824"]
[PlyCount "73"]
[GameId "2160767909573526"]
[EventDate "2011.11.17"]
[EventType "swiss"]
[EventRounds "5"]
[EventCountry "CAN"]
[SourceTitle "EXT 2022"]
[Source "ChessBase"]
[SourceDate "2021.10.06"]
[SourceVersion "1"]
[SourceVersionDate "2021.10.06"]
[SourceQuality "1"]

1. e4 c5 2. Nf3 d6 3. d4 cxd4 4. Nxd4 Nf6 5. Nc3 a6 6. a4 Nc6 7. Bc4 Qb6 8. Nxc6 bxc6 9. Bb3 Qb4 10. O-O Nxe4 11. Nxe4 Qxe4 12. Re1 Qg6 13. Qf3 Bd7 14. Bf4 Qf6 15. Qg3 d5 16. c4 Qg6 17. Qc3 e6 18. cxd5 cxd5 19. Bxd5 Rc8 20. Qf3 Bb4 21. Re2 Bxa4 22. Be4 Qf6 23. Rxa4 a5 24. Ra1 O-O 25. Qg3 Rc4 26. Bg5 Qd4 27. Qd3 Qxd3 28. Bxd3 Rd4 29. Be4 Rc8 30. g3 h6 31. Bf4 f6 32. Bg6 e5 33. Be3 Rdc4 34. Bf5 R8c6 35. Rd1 Rd6 36. Rxd6 Bxd6 37. Be6+ 1-0

[Event "Montcalm op 3 2011-12"]
[Site "Quebec CAN"]
[Date "2011.12.01"]
[Round "3"]
[White "Leblanc-Legault, Mathieu"]
[Black "Ripoll, Arthur"]
[Result "1-0"]
[WhiteElo "1407"]
[BlackElo "1481"]
[PlyCount "153"]
[GameId "2160767909573527"]
[EventDate "2011.11.17"]
[EventType "swiss"]
[EventRounds "5"]
[EventCountry "CAN"]
[SourceTitle "EXT 2022"]
[Source "ChessBase"]
[SourceDate "2021.10.06"]
[SourceVersion "1"]
[SourceVersionDate "2021.10.06"]
[SourceQuality "1"]

1. d4 e5 2. dxe5 Nc6 3. Nf3 Qe7 4. g3 Nxe5 5. Bg2 Nf6 6. b3 Nxf3+ 7. Bxf3 Qe5 8. c3 Bc5 9. Bf4 Qe6 10. Bxc7 O-O 11. Bf4 Re8 12. Qd3 Qh3 13. Bd6 Bxd6 14. Qxd6 Re6 15. Qc7 d6 16. Nd2 Bd7 17. Qxb7 Rae8 18. O-O-O a5 19. Nc4 a4 20. Rxd6 axb3 21. axb3 R6e7 22. Qb6 Bg4 23. Bxg4 Nxg4 24. Rd8 Rxe2 25. Rxe8+ Rxe8 26. Nd6 Rf8 27. f4 Qg2 28. Qb7 Qe2 29. Qe4 Qa2 30. Qa4 Qe2 31. b4 Qg2 32. Re1 Nf6 33. Qc2 Qc6 34. Ne4 Nd5 35. Nc5 Ra8 36. Kb2 Qf6 37. Ne4 Qc6 38. Qd3 Rc8 39. Nc5 Nf6 40. Re7 Qg2+ 41. Qc2 Qc6 42. Qe2 Nd5 43. Rd7 Nf6 44. Rd2 h6 45. Qa6 Qc7 46. Qb7 Qxb7 47. Nxb7 Ne4 48. Rd8+ Rxd8 49. Nxd8 Kf8 50. Kc2 g5 51. fxg5 hxg5 52. Kd3 Nf2+ 53. Ke2 Ne4 54. c4 Ke7 55. Nc6+ Kd6 56. Ke3 Nf6 57. Nd4 Ng4+ 58. Ke4 Nxh2 59. Kf5 Nf1 60. Kxg5 Nxg3 61. Kf6 Ne4+ 62. Kxf7 Nd2 63. Nf5+ Ke5 64. Ne3 Kd4 65. c5 Ne4 66. Nf5+ Kd5 67. Ne7+ Kc4 68. c6 Kxb4 69. c7 Kb5 70. Ke6 Nc5+ 71. Kd5 Nd7 72. Kd6 Nb6 73. Nd5 Nc8+ 74. Kd7 Na7 75. Ne7 Ka6 76. Nc6 Kb7 77. Nxa7 1-0

[Event "Montcalm op 3 2011-12"]
[Site "Quebec CAN"]
[Date "2011.12.08"]
[Round "4"]
[White "Boulianne, Gabriel"]
[Black "Perron, Jonathan"]
[Result "0-1"]
[WhiteElo "1700"]
[BlackElo "2057"]
[PlyCount "48"]
[GameId "2160767909573528"]
[EventDate "2011.11.17"]
[EventType "swiss"]
[EventRounds "5"]
[EventCountry "CAN"]
[SourceTitle "EXT 2022"]
[Source "ChessBase"]
[SourceDate "2021.10.06"]
[SourceVersion "1"]
[SourceVersionDate "2021.10.06"]
[SourceQuality "1"]

1. d4 Nf6 2. c4 e6 3. g3 c5 4. d5 exd5 5. cxd5 d6 6. Bg2 g6 7. Nc3 Bg7 8. Nf3 O-O 9. O-O a6 10. a4 Re8 11. Bf4 Nh5 12. Bg5 f6 13. Bc1 f5 14. Nd2 Nd7 15. Nc4 Ne5 16. Nxe5 Bxe5 17. f4 Bd4+ 18. Kh1 Qc7 19. Re1 Qg7 20. Qd3 Bf2 21. Bf3 Bxe1 22. Be3 Bxc3 23. bxc3 Bd7 24. a5 Bb5 0-1

[Event "Montcalm op 3 2011-12"]
[Site "Quebec CAN"]
[Date "2011.12.08"]
[Round "4"]
[White "Bourassa, Andre"]
[Black "Oliver, Vance"]
[Result "1-0"]
[WhiteElo "1824"]
[BlackElo "1573"]
[PlyCount "67"]
[GameId "2160767909573529"]
[EventDate "2011.11.17"]
[EventType "swiss"]
[EventRounds "5"]
[EventCountry "CAN"]
[SourceTitle "EXT 2022"]
[Source "ChessBase"]
[SourceDate "2021.10.06"]
[SourceVersion "1"]
[SourceVersionDate "2021.10.06"]
[SourceQuality "1"]

1. d4 d5 2. c4 e6 3. Nc3 Nf6 4. Bg5 c6 5. e3 Nbd7 6. Nf3 h6 7. Bh4 Qa5 8. Nd2 Bd6 9. c5 Be7 10. Bd3 O-O 11. f4 Re8 12. O-O b5 13. Nb3 Qd8 14. a3 a5 15. Nd2 Ba6 16. b4 a4 17. Nf3 Ng4 18. Bxe7 Qxe7 19. Qe2 Bc8 20. h3 Ngf6 21. Ne5 Bb7 22. Rac1 Rad8 23. Nxb5 cxb5 24. Bxb5 Nxe5 25. fxe5 Ne4 26. Qb2 Qg5 27. Rf3 Ra8 28. Bxe8 Rxe8 29. b5 Qg6 30. c6 Ng5 31. Rg3 Bc8 32. b6 Ba6 33. b7 Rb8 34. c7 1-0